000 00280nam a22001337a 4500
008 210426b ||||| |||| 00| 0 eng d
041 _aeng
080 _a574
082 _a574
100 _a9
101 _aMJE
245 _aBreaking New Ground
_cRhoades,R.E
942 _2udc
_cBK
999 _c56747
_d56747